1025 1407 1777 1450 1025 1540 1817 1159 1467 1756 1810 1637 1400 1286 1992 1812 1039 1177 1095 1249 1745 1569 1454 1573 1744 1744 1833 1409 1048 1708 1569 1057 1739 1424 1862 1956 1463 1168 1253 1839 1070 1550 1962 1135 1656 1050 1363 1833 1343 1937 1930 1812 1417 1309 1721 1667 1730 1695 1176 1702 1675 1056 1861 1139 1145 1408 1968 1467 1199 1054 1925 1712 1939 1345 1237 1947 1798 1950 1893 1862 1164 1112 1490 1517 1355 1610 1293 1934 1728 1346 1324 1878 1296 1781 1916 1226 1912 1212 1918 BCNSPRNW ULIB Ver.6.0+V

เปลี่ยนเป็นภาษาไทย

Change to English
 แสดงรายละเอียดบรรณานุกรม
  กลับหน้าหลัก

Brief Record : Get Marc (ISO 2709) : E-mail record : QR code < ปิดหน้าต่าง
LEADER : 00000nam 2200000uu 4500
001    13399110969
003     ULIB
008    110614s||||||||th 000 0 tha d
020    9789740600282
050  4 AC158^bอ543ว 2551
100 1  ยองจู, อัน
245 10 วิทยาศาสตร์ฉลาดรู้ เรื่อง ระบบขับถ่าย /^cอันยองจู, เขียน ;อมรรัตน์ ทีราพงษ์, แปล
250    พิมพ์ครั้งที่ 2
260    กรุงเทพฯ :^bอัมรินทร์คอมมิกส์,^c2551
300    199 หน้า :^bภาพประกอบ ;^c21 ซม.
440  0 ชุดวิทยาศาสตร์ฉลาดรู้ ;^vลำดับที่ 9
650  7 การ์ตูน
650  7 การขับถ่าย^xวรรณกรรมสำหรับเด็ก
650  7 วรรณกรรมเกาหลี
650  7 วรรณกรรมสำหรับเด็ก
700 0  อมรรัตน์ ทีราพงษ์,^eผู้แปล
945    ^p199^l0^i024203
945    ^p199^l0^i024193
995    ทศพร
999 ^a ใช้งานได้ทุกระบบ
รายการนี้ยังไม่มีแท็ก
คุณยังไม่ได้ล็อกอิน คุณสามารถมีกิจกรรมร่วมกับเว็บไซต์ได้ แต่ต้องล็อกอินก่อน ::
  ล็อกอิน

รายการสื่อสารสนเทศ

ลำดับที่ ประเภท เลขเรียก/บาร์โค้ด สถานที่ สถานะ
- ไม่พบข้อมูล -

รายการใกล้เคียง
    ผู้แต่ง [ยองจู, อัน]

    หัวเรื่อง [การ์ตูน]
    หัวเรื่อง [วรรณกรรมเกาหลี]
    หัวเรื่อง [วรรณกรรมสำหรับเด็ก]

BibComment


ยังไม่เคยถูกคอมเมนท์

คอมเมนท์ทรัพยากรรายการนี้
  คอมเมนท์: วิทยาศาสตร์ฉลาดรู..


 Copyright 2026. Bcnsprnw @Library